History Quiz

Random History or Century Quiz

20th Century: '00s or '10s? Quiz Stats

 Plays Quiz Updated Jun 13, 2017

Support Sporcle.
Go Orange.
Score 0/30 Timer 05:00
2 Plays Today
Event (0)0s or (1)0s % Correct
World War I began???
94.1%
The Titanic sank???
87.3%
The Wright Brothers made the first flight???
77.8%
First Nobel Prizes awarded???
68.7%
Spanish Flu started to spread???
65.9%
Charlie Chaplin first appeared as the Little Tramp???
65.2%
First Pulitzer Prizes awarded???
59.8%
First traffic light installed???
59.2%
'Teddy Bear' toy introduced???
57.5%
Inca city of Machu Picchu discovered???
57.4%
First self-service grocery store opened in US???
56.1%
First transcontinental telephone call???
56%
Overthrow of last imperial dynasty in China???
55.3%
Einstein proposed his Theory of Special Relativity???
54.1%
First transatlantic radio signal???
53.8%
Event (0)0s or (1)0s % Correct
George V became King of the UK???
53.7%
Panama Canal officially opened???
53.3%
First US movie theater opened???
52.8%
New York City subway opened???
51.9%
'The Great Train Robbery', first silent movie???
51.4%
Rutherford discovered the structure of an atom???
50.3%
Max Planck formulated Quantum Theory???
48.9%
Sigmund Freud published 'Theory of Sexuality'???
45.8%
First known published crossword puzzle???
45.5%
First license plates issued in the US???
44.9%
Trans-Siberian Railway completed???
44.9%
Picasso introduced Cubism???
41.4%
John D. Rockefeller became US first billionaire???
36.3%
Bakelite, first fully synthetic plastic, invented???
35.2%
First electric washing machine???
25.8%

You're not logged in!

Compare scores with friends on all Sporcle quizzes.
OR
Log In
Forgot?

From the Vault

Finish the Dr. Seuss Title

by LTH

You have a pretty good chance that it's a rhyming word.
Remove Ads.
Support Sporcle.
Get the best of Sporcle when you Go Orange. This ad-free experience offers more features, more stats, and more fun while also helping to support Sporcle. Thank you for becoming a member.

Show Comments

Extras

Top Quizzes Today


Score Distribution

Your Account Isn't Verified!

In order to create a playlist on Sporcle, you need to verify the email address you used during registration. Go to your Sporcle Settings to finish the process.

Report this User

Report this user for behavior that violates our Community Guidelines.

Details: